[Event "ENCI Limburg-open B"]
[Site "Maastricht"]
[Date "2011.06.12"]
[Round "5"]
[White "Schloemer, Armin"]
[Black "Dittmar, Thomas"]
[Result "1/2-1/2"]
[WhiteElo "1717"]
[BlackElo "1974"]
[PlyCount "44"]
[EventDate "2011.06.10"]
[EventType "swiss"]
[EventRounds "7"]
[EventCountry "NED"]
[Source "P.Boonen"]
[SourceDate "2012.01.01"]

1. e4 c6 2. d4 d5 3. f3 e5 4. dxe5 Bc5 5. Nc3 Qb6 6. Na4 Bf2+ 7. Ke2 Qa6+ 8.
Kxf2 Qxa4 9. exd5 cxd5 10. Be3 Nc6 11. c3 Qa5 12. Qb3 Nge7 13. Bd3 Nxe5 14.
Qb5+ N7c6 15. Be2 Qxb5 16. Bxb5 O-O 17. Rd1 Rd8 18. Nh3 Bxh3 19. gxh3 Ne7 20.
Rhe1 f6 21. Bf4 N7g6 22. Bg3 a6 1/2-1/2

[Event "ENCI Limburg-open B"]
[Site "Maastricht"]
[Date "2011.06.12"]
[Round "5"]
[White "Schubert, Karl"]
[Black "Ingelaere, Tijl"]
[Result "1-0"]
[WhiteElo "1838"]
[BlackElo "1737"]
[PlyCount "133"]
[EventDate "2011.06.10"]
[EventType "swiss"]
[EventRounds "7"]
[EventCountry "NED"]
[Source "P.Boonen"]
[SourceDate "2012.01.01"]

1. d4 Nf6 2. Nf3 g6 3. g3 Bg7 4. Bg2 O-O 5. O-O d6 6. b3 Nbd7 7. Bb2 Rb8 8.
Nbd2 b6 9. c4 Bb7 10. Rc1 Ne4 11. Qc2 Nxd2 12. Qxd2 e5 13. d5 a5 14. e4 Nc5 15.
Qc2 Ra8 16. Nd2 f5 17. Rce1 f4 18. f3 Bh6 19. Bc1 Rf7 20. a3 Bc8 21. Nb1 Nd7
22. b4 Qf8 23. Bd2 axb4 24. axb4 fxg3 25. hxg3 Bxd2 26. Qxd2 Qg7 27. Qe3 Nf6
28. Nc3 Rf8 29. Ra1 Bd7 30. c5 bxc5 31. bxc5 Rfb8 32. c6 Bxc6 33. dxc6 Rxa1 34.
Rxa1 Rb6 35. Nd5 Nxd5 36. exd5 Qf8 37. Rf1 Qe7 38. f4 Rb8 39. Bh3 Kh8 40. fxe5
dxe5 41. Re1 e4 42. Qd4+ Qg7 43. Qxg7+ Kxg7 44. Rxe4 Rb1+ 45. Kf2 Rd1 46. Be6
Kf6 47. Rf4+ Ke5 48. Kg2 h5 49. Rf2 Rd4 50. Re2+ Kd6 51. Bf7 h4 52. gxh4 Rxh4
53. Re6+ Kxd5 54. Rxg6+ Kc5 55. Be8 Kb6 56. Rg5 Ra4 57. Kf3 Ra3+ 58. Ke4 Ra1
59. Kf5 Re1 60. Bd7 Rf1+ 61. Ke6 Re1+ 62. Re5 Rh1 63. Ke7 Ra1 64. Re2 Rb1 65.
Ra2 Rh1 66. Rb2+ Kc5 67. Kd8 1-0

[Event "ENCI Limburg-open B"]
[Site "Maastricht"]
[Date "2011.06.12"]
[Round "5"]
[White "Singh, Marcel"]
[Black "Olmos Sanz, Francisco J"]
[Result "1-0"]
[WhiteElo "1904"]
[BlackElo "1761"]
[PlyCount "90"]
[EventDate "2011.06.10"]
[EventType "swiss"]
[EventRounds "7"]
[EventCountry "NED"]
[Source "P.Boonen"]
[SourceDate "2012.01.01"]

1. e4 c5 2. c3 d6 3. d4 cxd4 4. cxd4 Nf6 5. Nc3 g6 6. Nf3 Bg7 7. Be2 O-O 8. O-O
Nc6 9. h3 b6 10. Bg5 h6 11. Bh4 Bb7 12. Rc1 Nh5 13. d5 Nb8 14. Nd4 Nf4 15. Bf3
Ba6 16. Nde2 Nd3 17. Rc2 Ne5 18. Re1 Nxf3+ 19. gxf3 Nd7 20. Nd4 Bxd4 21. Qxd4
Ne5 22. Qe3 f5 23. exf5 Rxf5 24. f4 g5 25. fxe5 Rxe5 26. Ne4 gxh4 27. Qxh6 Qf8
28. Qxh4 Qf5 29. Re3 Kf7 30. Rcc3 Rg8+ 31. Kh1 Ke8 32. Rc7 Be2 33. Rxe7+ Kf8
34. Re8+ Rxe8 35. Qh6+ Rg7 36. Qh8+ Rg8 37. Qh6+ Rg7 38. Qxd6+ Ree7 39. Qd8+
Re8 40. Qxe8+ Kxe8 41. Nd6+ Kd7 42. Nxf5 Rf7 43. Rxe2 Rxf5 44. Rd2 Kd6 45. Kg2
Rg5+ 1-0

[Event "ENCI Limburg-open B"]
[Site "Maastricht"]
[Date "2011.06.12"]
[Round "5"]
[White "Sofic, Narcis"]
[Black "Heuts, John"]
[Result "1-0"]
[WhiteElo "1906"]
[BlackElo "1788"]
[PlyCount "111"]
[EventDate "2011.06.10"]
[EventType "swiss"]
[EventRounds "7"]
[EventCountry "NED"]
[Source "P.Boonen"]
[SourceDate "2012.01.01"]

1. Nf3 d5 2. g3 Nf6 3. Bg2 c5 4. c4 e6 5. O-O Nc6 6. d3 Be7 7. b3 O-O 8. Bb2 b6
9. Nbd2 Bb7 10. Ne5 Qc7 11. Ndf3 d4 12. Nxc6 Bxc6 13. b4 e5 14. b5 Bb7 15. a4
Nd7 16. e4 f5 17. exf5 Rxf5 18. Nd2 Bxg2 19. Kxg2 Raf8 20. f3 Bg5 21. Ne4 Be3
22. Bc1 Bxc1 23. Qxc1 Nf6 24. Nd2 Qb7 25. h3 g5 26. Ne4 Nxe4 27. dxe4 R5f6 28.
Qxg5+ Qg7 29. Qxe5 Rd8 30. Rfd1 d3 31. Ra3 Rfd6 32. Qxg7+ Kxg7 33. Kf2 Rd4 34.
Rc3 d2 35. Ke2 Kf6 36. Ke3 Ke6 37. g4 h6 38. h4 Kf6 39. Rc2 Rd3+ 40. Ke2 R8d4
41. Rcxd2 Rxd2+ 42. Rxd2 Rxc4 43. Rd6+ Ke5 44. Rd5+ Ke6 45. Ke3 Rxa4 46. Rh5
Ra3+ 47. Kf4 Rb3 48. Rxh6+ Kf7 49. Rh7+ Kg8 50. Rxa7 Rxb5 51. g5 c4 52. h5 c3
53. Ra1 Rc5 54. Rc1 b5 55. Ke3 b4 56. Kd3 {.....} 1-0

[Event "ENCI Limburg-open B"]
[Site "Maastricht"]
[Date "2011.06.12"]
[Round "5"]
[White "Staudte, Rainer"]
[Black "De Ridder, Naomi"]
[Result "1/2-1/2"]
[WhiteElo "1955"]
[BlackElo "1741"]
[PlyCount "56"]
[EventDate "2011.06.10"]
[EventType "swiss"]
[EventRounds "7"]
[EventCountry "NED"]
[Source "P.Boonen"]
[SourceDate "2012.01.01"]

1. d4 d5 2. c4 e6 3. Nc3 Bb4 4. e3 Nf6 5. a3 Bxc3+ 6. bxc3 Nbd7 7. Nf3 O-O 8.
Bd3 b6 9. cxd5 exd5 10. O-O c5 11. Re1 Bb7 12. Nd2 Qc7 13. Bb2 Rfe8 14. a4 Rac8
15. Qb1 a6 16. Rc1 Ne4 17. Nxe4 dxe4 18. Be2 Re6 19. c4 cxd4 20. exd4 Rh6 21.
g3 Re8 22. Ra3 Qc6 23. d5 Qc5 24. Re3 Qe7 25. f4 Nc5 26. Qa1 f5 27. Rd1 a5 28.
Ba3 Qc7 1/2-1/2

[Event "ENCI Limburg-open B"]
[Site "Maastricht"]
[Date "2011.06.12"]
[Round "5"]
[White "Timmermans, Stefan"]
[Black "Keetman, Maaike"]
[Result "0-1"]
[WhiteElo "1845"]
[BlackElo "1657"]
[PlyCount "52"]
[EventDate "2011.06.10"]
[EventType "swiss"]
[EventRounds "7"]
[EventCountry "NED"]
[Source "P.Boonen"]
[SourceDate "2012.01.01"]

1. d4 c6 2. e4 d5 3. exd5 cxd5 4. c4 Nf6 5. Nf3 Bg4 6. Be2 Nc6 7. Be3 e6 8. O-O
Be7 9. a3 a5 10. Nc3 O-O 11. Rc1 dxc4 12. Nb5 Nd5 13. Bxc4 Rc8 14. Be2 Qb6 15.
Qd3 Rfd8 16. Ne5 Nxe5 17. dxe5 Nxe3 18. Rxc8 Rxc8 19. fxe3 Bf5 20. Qd2 Rc2 21.
Qd4 Bc5 22. Qd7 Rxe2 23. Qe8+ Bf8 24. Nd6 Qc7 25. g4 Bg6 26. h4 Qe7 0-1

[Event "ENCI Limburg-open B"]
[Site "Maastricht"]
[Date "2011.06.12"]
[Round "5"]
[White "Tsiros, Fragkiskos Vlasios"]
[Black "Memeti, Kushtrim"]
[Result "0-1"]
[WhiteElo "1708"]
[BlackElo "1830"]
[PlyCount "94"]
[EventDate "2011.06.10"]
[EventType "swiss"]
[EventRounds "7"]
[EventCountry "NED"]
[Source "P.Boonen"]
[SourceDate "2012.01.01"]

1. e4 b6 2. d4 Bb7 3. Bd3 e6 4. Nf3 Nf6 5. Qe2 Be7 6. O-O O-O 7. e5 Ne8 8. Be4
d5 9. exd6 Nxd6 10. Bxb7 Nxb7 11. c4 c5 12. Qe4 Qc7 13. Bf4 Bd6 14. Ng5 g6 15.
Bxd6 Nxd6 16. Qh4 h5 17. g4 Qe7 18. gxh5 Nf5 19. Qg4 f6 20. Nf3 g5 21. d5 Ng7
22. h6 Nf5 23. Re1 Nxh6 24. Qxe6+ Qxe6 25. Rxe6 Nf5 26. h3 Nd7 27. Nc3 Rac8 28.
Rae1 Nd4 29. Nxd4 cxd4 30. Nb5 Rxc4 31. Re7 Ne5 32. Rd1 a6 33. Nc7 d3 34. Kf1
Rc2 35. Ne6 Rfc8 36. d6 Rc1 37. Re8+ Rxe8 38. Rxc1 Rxe6 39. Rc8+ Kf7 40. Rc7+
Ke8 41. d7+ Nxd7 42. Rc8+ Ke7 43. Rc1 Ne5 44. Rd1 Rc6 45. Ke1 Rc2 46. Rb1 Nf3+
47. Kd1 Re2 0-1

[Event "ENCI Limburg-open B"]
[Site "Maastricht"]
[Date "2011.06.12"]
[Round "5"]
[White "Tuerlinckx, Ben"]
[Black "Roelofs, Iris"]
[Result "1-0"]
[WhiteElo "1942"]
[BlackElo "1762"]
[PlyCount "149"]
[EventDate "2011.06.10"]
[EventType "swiss"]
[EventRounds "7"]
[EventCountry "NED"]
[Source "P.Boonen"]
[SourceDate "2012.01.01"]

1. e4 c5 2. Nc3 d6 3. f4 Nc6 4. Nf3 Nf6 5. Bb5 Bd7 6. O-O g6 7. d3 Bg7 8. Qe1
Nb4 9. Bxd7+ Nxd7 10. Qf2 O-O 11. a3 Nc6 12. Qh4 Nd4 13. Nxd4 Bxd4+ 14. Kh1 Bf6
15. Qh3 Rc8 16. Nd5 Bg7 17. f5 Nb6 18. Ne3 Nd7 19. Ng4 Nf6 20. Nh6+ Kh8 21. Rf4
g5 22. Rf1 Bxh6 23. Qxh6 g4 24. Bg5 Rg8 25. Bxf6+ exf6 26. Rf4 Rg7 27. Qh4 c4
28. d4 a6 29. Rxg4 Rxg4 30. Qxg4 Qb6 31. Qh4 Qxd4 32. c3 Qe5 33. Rd1 Re8 34.
Rd4 b5 35. Qg3 Qxg3 36. hxg3 Rd8 37. a4 Kg7 38. axb5 axb5 39. Rd5 Re8 40. Rd4
Rd8 41. Kg1 Kf8 42. Kf2 Ke7 43. Rd1 Rb8 44. Ra1 Kd7 45. Ra7+ Ke8 46. Ke3 Kf8
47. Kd4 Kg7 48. Kd5 Rb6 49. Kd4 h5 50. Ke3 Kg8 51. Kd2 Kg7 52. Kc2 Rc6 53. Kd2
Rb6 54. Ke3 b4 55. Ra2 bxc3 56. bxc3 Kh6 57. Kd4 Rc6 58. Kd5 Rc5+ 59. Kxd6 Re5
60. Ra4 Rxe4 61. Kd5 Re3 62. Kxc4 Rxg3 63. Ra2 Rg4+ 64. Kd5 Rf4 65. c4 Rxf5+
66. Kd6 Rf4 67. Rc2 Kg7 68. c5 Rd4+ 69. Ke7 Re4+ 70. Kd8 Kf8 71. c6 Re8+ 72.
Kd7 Re7+ 73. Kc8 Ke8 74. c7 Re1 75. Rb2 1-0

[Event "ENCI Limburg-open B"]
[Site "Maastricht"]
[Date "2011.06.12"]
[Round "5"]
[White "Van der Scheur, Dirk"]
[Black "Holwijn, Melvin"]
[Result "1-0"]
[WhiteElo "1895"]
[BlackElo "2009"]
[PlyCount "105"]
[EventDate "2011.06.10"]
[EventType "swiss"]
[EventRounds "7"]
[EventCountry "NED"]
[Source "P.Boonen"]
[SourceDate "2012.01.01"]

1. d4 d5 2. c4 c6 3. Nf3 Nf6 4. e3 e6 5. Nbd2 Be7 6. Bd3 Nbd7 7. O-O Qc7 8. b3
O-O 9. Bb2 Re8 10. e4 dxe4 11. Nxe4 Nxe4 12. Bxe4 Bf6 13. Re1 g6 14. Qc2 Bg7
15. h4 Nf6 16. Bd3 b6 17. c5 Nd5 18. a3 a5 19. Ne5 b5 20. Qd2 f6 21. Nf3 Nf4
22. Bf1 Nd5 23. g3 e5 24. dxe5 fxe5 25. Bxb5 cxb5 26. Qxd5+ Be6 27. Qd6 Qxd6
28. cxd6 Bxb3 29. Bxe5 Bd5 30. Bxg7 Bxf3 31. Bh6 Kf7 32. Bg5 Bg4 33. Rac1 Rxe1+
34. Rxe1 Re8 35. Be7 Rc8 36. f3 Bd7 37. g4 Rc4 38. Bg5 Bc6 39. d7 Bxd7 40. Re7+
Kg8 41. Rxd7 h5 42. gxh5 gxh5 43. Rd3 b4 44. axb4 Rxb4 45. Ra3 a4 46. f4 Kf7
47. f5 Rb5 48. f6 Ra5 49. Kf2 Ke6 50. Ke3 Kd6 51. Ke4 Ra7 52. Kd4 Kc6 53. Kc4
1-0

[Event "ENCI Limburg-open B"]
[Site "Maastricht"]
[Date "2011.06.12"]
[Round "5"]
[White "Vaneylen, Urbain"]
[Black "Moog, Gerhard"]
[Result "0-1"]
[WhiteElo "1720"]
[BlackElo "1944"]
[PlyCount "58"]
[EventDate "2011.06.10"]
[EventType "swiss"]
[EventRounds "7"]
[EventCountry "NED"]
[Source "P.Boonen"]
[SourceDate "2012.01.01"]

1. f4 d5 2. Nf3 Nf6 3. e3 Bg4 4. Be2 Nbd7 5. O-O Bxf3 6. Bxf3 e5 7. fxe5 Nxe5
8. b3 Bd6 9. Bb2 O-O 10. d3 c6 11. Nd2 Qc7 12. Qe1 Rae8 13. Qh4 Ng6 14. Qh3
Rxe3 15. Bxf6 gxf6 16. g3 Rfe8 17. Rf2 Bc5 18. Kh1 Rxd3 19. Rg2 Rde3 20. Rf2
Rxb3 21. axb3 Bxf2 22. Kg2 Be1 23. Nf1 Qb6 24. Bh5 Qf2+ 25. Kh1 Bc3 26. Rd1 Re1
27. Rxe1 Qxe1 28. Kg2 Bd4 29. Bxg6 Qf2+ 0-1

[Event "ENCI Limburg-open B"]
[Site "Maastricht"]
[Date "2011.06.12"]
[Round "5"]
[White "Visser, Sebastiaan"]
[Black "Machiroux, Bruno"]
[Result "1/2-1/2"]
[WhiteElo "1904"]
[BlackElo "1773"]
[PlyCount "47"]
[EventDate "2011.06.10"]
[EventType "swiss"]
[EventRounds "7"]
[EventCountry "NED"]
[Source "P.Boonen"]
[SourceDate "2012.01.01"]

1. d4 Nf6 2. Nf3 g6 3. Bg5 Bg7 4. Nbd2 O-O 5. e3 d6 6. Bc4 Nbd7 7. O-O c5 8. c3
a6 9. Qc2 b5 10. Bd3 Bb7 11. Rfd1 Rc8 12. a3 h6 13. Bh4 Re8 14. Ne4 Qb6 15.
Nxf6+ Nxf6 16. Qe2 e5 17. dxe5 dxe5 18. Bxf6 Bxf6 19. e4 c4 20. Bc2 Rcd8 21.
Nd2 Kh7 22. Nf1 Rxd1 23. Rxd1 Rd8 24. Ne3 1/2-1/2

[Event "ENCI Limburg-open B"]
[Site "Maastricht"]
[Date "2011.06.12"]
[Round "5"]
[White "Willen, Ronny"]
[Black "Vandecan, Michel"]
[Result "1/2-1/2"]
[WhiteElo "1851"]
[BlackElo "1865"]
[PlyCount "56"]
[EventDate "2011.06.10"]
[EventType "swiss"]
[EventRounds "7"]
[EventCountry "NED"]
[Source "P.Boonen"]
[SourceDate "2012.01.01"]

1. d4 Nf6 2. c4 e6 3. Nf3 b6 4. g3 Bb7 5. Bg2 Bb4+ 6. Bd2 Bxd2+ 7. Nbxd2 d6 8.
Qc2 Nbd7 9. O-O c5 10. Rac1 O-O 11. Rfd1 Rc8 12. Qb1 Qc7 13. b3 Rfd8 14. e4
cxd4 15. Nxd4 Qb8 16. f3 d5 17. exd5 exd5 18. Nf5 Kf8 19. Re1 Re8 20. f4 g6 21.
Nd4 a6 22. Rxe8+ Rxe8 23. Re1 Nc5 24. cxd5 Bxd5 25. Bxd5 Nxd5 26. N2f3 Nc3 27.
Qc2 Rxe1+ 28. Nxe1 N5e4 1/2-1/2

[Event "ENCI Limburg-open B"]
[Site "Maastricht"]
[Date "2011.06.12"]
[Round "5"]
[White "Yue, Tim"]
[Black "Van Foreest, Lucas"]
[Result "1-0"]
[WhiteElo "1767"]
[BlackElo "1874"]
[PlyCount "55"]
[EventDate "2011.06.10"]
[EventType "swiss"]
[EventRounds "7"]
[EventCountry "NED"]
[Source "P.Boonen"]
[SourceDate "2012.01.01"]

1. e4 e5 2. Nf3 Nc6 3. Bb5 a6 4. Ba4 Nf6 5. O-O Bc5 6. c3 O-O 7. d4 exd4 8.
cxd4 Ba7 9. Bg5 h6 10. Bh4 g5 11. Nxg5 hxg5 12. Bxg5 Bxd4 13. Nc3 b5 14. Bc2
Bxc3 15. bxc3 d6 16. f4 Qe7 17. Qd3 Rd8 18. Qg3 Nh5 19. Qh4 f6 20. Qxh5 fxg5
21. Bb3+ Kg7 22. fxg5 d5 23. Qh6+ Kg8 24. exd5 Qe3+ 25. Kh1 Ne5 26. d6+ Nc4 27.
Qg6+ Kh8 28. Rf7 1-0

[Event "ENCI Limburg-open B"]
[Site "Maastricht"]
[Date "2011.06.13"]
[Round "6"]
[White "Aben, Paul"]
[Black "Daamen, Roland"]
[Result "1/2-1/2"]
[WhiteElo "1949"]
[BlackElo "1858"]
[PlyCount "50"]
[EventDate "2011.06.10"]
[EventType "swiss"]
[EventRounds "7"]
[EventCountry "NED"]
[Source "P.Boonen"]
[SourceDate "2012.01.01"]

1. c4 Nf6 2. g3 d5 3. cxd5 Nxd5 4. d4 g6 5. Bg2 Bg7 6. e4 Nb6 7. Ne2 O-O 8.
Nbc3 Na6 9. O-O c5 10. dxc5 Nxc5 11. Be3 Ne6 12. Qb3 Re8 13. Rac1 Nd7 14. Rfd1
Qa5 15. Rd5 Qa6 16. Bf1 b6 17. Nf4 Qb7 18. Nxe6 fxe6 19. Rdd1 Nc5 20. Bxc5 bxc5
21. Qa4 Rf8 22. b3 Qb6 23. Qc4 Bd4 24. Rc2 Bd7 25. Kg2 Rf7 1/2-1/2

[Event "ENCI Limburg-open B"]
[Site "Maastricht"]
[Date "2011.06.13"]
[Round "6"]
[White "Alvarez Carbajales, Fermin"]
[Black "Schloemer, Armin"]
[Result "0-1"]
[WhiteElo "1918"]
[BlackElo "1717"]
[PlyCount "46"]
[EventDate "2011.06.10"]
[EventType "swiss"]
[EventRounds "7"]
[EventCountry "NED"]
[Source "P.Boonen"]
[SourceDate "2012.01.01"]

1. e4 c5 2. Nc3 e6 3. g3 d5 4. exd5 exd5 5. d4 Nf6 6. Nge2 Bg4 7. Bg2 cxd4 8.
Qxd4 Nc6 9. Qa4 Qd7 10. Be3 Bb4 11. h3 Bxe2 12. Kxe2 Bxc3 13. bxc3 O-O 14. Rhd1
Rfe8 15. Kf1 Qf5 16. Qb3 Na5 17. Qb5 Rxe3 18. Qxa5 Rxg3 19. Rd4 b6 20. Rxd5 Qe6
21. Qb5 Rxg2 22. Re5 Qxh3 23. Rae1 Rg5+ 0-1

[Event "ENCI Limburg-open B"]
[Site "Maastricht"]
[Date "2011.06.13"]
[Round "6"]
[White "Arns, Danny"]
[Black "Bieberle, Gerhart"]
[Result "1-0"]
[WhiteElo "1706"]
[BlackElo "1900"]
[PlyCount "109"]
[EventDate "2011.06.10"]
[EventType "swiss"]
[EventRounds "7"]
[EventCountry "NED"]
[Source "P.Boonen"]
[SourceDate "2012.01.01"]

1. e4 d6 2. d4 g6 3. Nc3 Bg7 4. f4 a6 5. Nf3 b6 6. Be3 c5 7. e5 cxd4 8. Qxd4
Nc6 9. Qe4 Bb7 10. O-O-O Rb8 11. Bxa6 f5 12. Qc4 Bxa6 13. Qxc6+ Qd7 14. Qxd7+
Kxd7 15. exd6 e6 16. Na4 Be2 17. Nxb6+ Kc6 18. Rd2 Bxf3 19. gxf3 Nf6 20. Nc4
Nd7 21. Bd4 Bxd4 22. Rxd4 h5 23. Ne5+ Nxe5 24. fxe5 g5 25. h3 Rb5 26. Re1 g4
27. fxg4 fxg4 28. hxg4 h4 29. d7 Kc7 30. Red1 Kd8 31. Rc4 Rb8 32. Rc8+ Rxc8 33.
dxc8=Q+ Kxc8 34. Rh1 Kc7 35. Kd2 Kc6 36. c4 Kc5 37. Kc3 h3 38. b4+ Kc6 39. Kd4
Rh4 40. Kd3 h2 41. g5 Rh3+ 42. Kc2 Rh5 43. g6 Rxe5 44. Rxh2 Rg5 45. Rh6 Kd6 46.
Kb3 Rg3+ 47. Ka4 e5 48. g7+ Ke7 49. Rh7 Kf6 50. b5 e4 51. Rh6+ Kf5 52. c5 Rxg7
53. c6 e3 54. b6 e2 55. Rh1 1-0

[Event "ENCI Limburg-open B"]
[Site "Maastricht"]
[Date "2011.06.13"]
[Round "6"]
[White "Blijlevens, Pim"]
[Black "Brixius, Dirk"]
[Result "0-1"]
[WhiteElo "1920"]
[BlackElo "1944"]
[PlyCount "136"]
[EventDate "2011.06.10"]
[EventType "swiss"]
[EventRounds "7"]
[EventCountry "NED"]
[Source "P.Boonen"]
[SourceDate "2012.01.01"]

1. d4 d5 2. c4 c6 3. Nf3 Nf6 4. Nc3 e6 5. Bg5 h6 6. Bxf6 Qxf6 7. e3 Nd7 8. Bd3
Bd6 9. O-O O-O 10. e4 dxe4 11. Nxe4 Qe7 12. Qe2 Bc7 13. Rab1 Nf6 14. Nxf6+ Qxf6
15. Qe4 Re8 16. c5 Bd7 17. Ne5 Rad8 18. Rfe1 Bc8 19. Re3 Qf5 20. Qh4 Qg5 21.
Qxg5 hxg5 22. Rd1 f5 23. Bc4 g4 24. g3 g5 25. Red3 Kg7 26. Kg2 Rh8 27. Rh1 Kf6
28. f4 gxf3+ 29. Nxf3 g4 30. Ne1 e5 31. Nc2 exd4 32. Nxd4 Be5 33. Rhd1 Rh7 34.
Ne2 Rhd7 35. Rxd7 Rxd7 36. Rxd7 Bxd7 37. b4 Be6 38. Bb3 Bb2 39. Kf2 Ba3 40. Ke3
Bxb4 41. Bxe6 Kxe6 42. Kd4 Ba3 43. Nf4+ Kf6 44. Nd3 b6 45. Kc4 Ke6 46. cxb6
axb6 47. Kd4 Bd6 48. a4 Bb8 49. Kc4 Ba7 50. Nf4+ Kd6 51. h4 gxh3 52. Nxh3 Ke5
53. Nf4 Bb8 54. Ng6+ Kf6 55. Nf8 Bc7 56. Kd4 b5 57. axb5 cxb5 58. Kc5 b4 59.
Nh7+ Kg7 60. Ng5 b3 61. Nf3 b2 62. Nd2 Bxg3 63. Kd4 Bf4 64. Nb1 Kf6 65. Kc3
Be5+ 66. Kd3 Kg5 67. Ke3 Kg4 68. Kf2 Kf4 0-1

[Event "ENCI Limburg-open B"]
[Site "Maastricht"]
[Date "2011.06.13"]
[Round "6"]
[White "Bruls, Peter"]
[Black "Koelmans, Jan Willem"]
[Result "0-1"]
[WhiteElo "1845"]
[BlackElo "2023"]
[PlyCount "60"]
[EventDate "2011.06.10"]
[EventType "swiss"]
[EventRounds "7"]
[EventCountry "NED"]
[Source "P.Boonen"]
[SourceDate "2012.01.01"]

1. c4 c6 2. d4 d5 3. e3 Nf6 4. Nc3 e6 5. Nf3 Nbd7 6. Bd3 dxc4 7. Bxc4 b5 8. Be2
Bb7 9. O-O b4 10. Na4 c5 11. dxc5 Bxc5 12. Nxc5 Nxc5 13. Bb5+ Ke7 14. Bd2 Qb6
15. Qe2 a5 16. Rfd1 Rab8 17. Nd4 Rhd8 18. Rac1 Kf8 19. Bc4 Nfe4 20. Be1 Nd6 21.
Nb3 Nxc4 22. Rxd8+ Rxd8 23. Nxc5 Qxc5 24. Rxc4 Qd5 25. Rg4 Qd1 26. Kf1 Ba6 27.
Qxa6 Qxg4 28. Qxa5 Rd1 29. f3 Qc4+ 30. Kf2 Qh4+ 0-1

[Event "ENCI Limburg-open B"]
[Site "Maastricht"]
[Date "2011.06.13"]
[Round "6"]
[White "Cebula, Jerzy"]
[Black "Coenen, Siegfried"]
[Result "0-1"]
[WhiteElo "1991"]
[BlackElo "1977"]
[PlyCount "111"]
[EventDate "2011.06.10"]
[EventType "swiss"]
[EventRounds "7"]
[EventCountry "NED"]
[Source "P.Boonen"]
[SourceDate "2012.01.01"]

1. e4 e5 2. Nf3 Nf6 3. Nc3 Nc6 4. d4 exd4 5. Nxd4 Bb4 6. Nxc6 bxc6 7. Bd3 Qe7
8. O-O O-O 9. Re1 d6 10. h3 Nd7 11. a3 Ba5 12. Bf4 Ne5 13. Bf1 Qf6 14. Be3 Be6
15. f4 Nc4 16. Bxc4 Bxc4 17. e5 dxe5 18. fxe5 Qg6 19. Qd2 Rfe8 20. b4 Bb6 21.
Bxb6 cxb6 22. Rad1 h6 23. Qd6 Qxc2 24. Rc1 Qg6 25. Ne4 Re6 26. Rxc4 Rxd6 27.
Nxd6 Qg3 28. Rce4 Qxa3 29. R1e3 Qa2 30. e6 fxe6 31. Rxe6 Rf8 32. Re7 Qb1+ 33.
Kh2 Rf1 34. Ne8 Rh1+ 35. Kg3 Qg6+ 36. Kf2 Qc2+ 37. Kg3 Qg6+ 38. Kf2 Rb1 39.
Rxg7+ Qxg7 40. Nxg7 Kxg7 41. Re7+ Kf6 42. Rxa7 Rxb4 43. Rc7 Rc4 44. g4 Rc3 45.
h4 b5 46. Ke2 Ke5 47. Rh7 b4 48. Rxh6 b3 49. Rh8 b2 50. Rb8 Rh3 51. Kd2 Rxh4
52. Rxb2 Rxg4 53. Kc3 Kd5 54. Rh2 Rg3+ 55. Kc2 c5 56. Rh5+ {.....} 0-1

[Event "ENCI Limburg-open B"]
[Site "Maastricht"]
[Date "2011.06.13"]
[Round "6"]
[White "Coenen, Bert"]
[Black "Staudte, Rainer"]
[Result "0-1"]
[WhiteElo "1856"]
[BlackElo "1955"]
[PlyCount "144"]
[EventDate "2011.06.10"]
[EventType "swiss"]
[EventRounds "7"]
[EventCountry "NED"]
[Source "P.Boonen"]
[SourceDate "2012.01.01"]

1. d4 d5 2. Bg5 h6 3. Bh4 c6 4. e3 Qb6 5. Qc1 e5 6. Nf3 e4 7. Nfd2 Ne7 8. c4
Nf5 9. c5 Qc7 10. Bg3 Nxg3 11. hxg3 Nd7 12. Nc3 Nf6 13. b4 Bd7 14. Nb3 Be7 15.
b5 O-O 16. Be2 Rfc8 17. bxc6 bxc6 18. O-O Rcb8 19. Qc2 Bg4 20. Rfb1 Bd8 21. Nc1
Bxe2 22. N1xe2 Rxb1+ 23. Rxb1 Rb8 24. Rb3 Nd7 25. Qb2 Kf8 26. Kf1 Rxb3 27. Qxb3
Qb8 28. Qxb8 Nxb8 29. Ke1 Ke8 30. Kd2 Kd7 31. Nc1 Kc8 32. Nb3 Nd7 33. Ke2 Bc7
34. Kd2 f5 35. Ke2 Nf6 36. Kd2 g5 37. Ke2 h5 38. Kf1 Ng4 39. Ne2 Kb7 40. Ng1
Nh6 41. Nh3 Nf7 42. Ke1 Ka6 43. a4 Bd8 44. Ke2 Nh8 45. Kf1 Ng6 46. Ke2 g4 47.
Ng1 Bc7 48. Kf1 Nf8 49. Ne2 Ne6 50. Ke1 Nd8 51. Nc3 Nb7 52. Na2 Na5 53. Nb4+
Kb7 54. Nd2 Bd8 55. Ke2 Kc8 56. Ke1 Kd7 57. Ke2 Nb7 58. Nb3 a5 59. Nc2 Bc7 60.
Ne1 Nd8 61. Nd2 Ke7 62. Nc2 Ne6 63. Nb3 Nf8 64. Kf1 Nd7 65. Ke2 Nb8 66. Kd2 Na6
67. Kc3 Kf6 68. Nd2 Kg5 69. Nf1 h4 70. gxh4+ Kxh4 71. g3+ Kh3 72. Nd2 Kg2 0-1

[Event "ENCI Limburg-open B"]
[Site "Maastricht"]
[Date "2011.06.13"]
[Round "6"]
[White "Cornelius, Jorg"]
[Black "Bondarchuk, Vadim"]
[Result "1-0"]
[WhiteElo "2031"]
[BlackElo "1992"]
[PlyCount "71"]
[EventDate "2011.06.10"]
[EventType "swiss"]
[EventRounds "7"]
[EventCountry "NED"]
[Source "P.Boonen"]
[SourceDate "2012.01.01"]

1. e4 e5 2. Nf3 Nf6 3. Nxe5 d6 4. Nf3 Nxe4 5. Qe2 Qe7 6. d3 Nf6 7. Bg5 Be6 8.
Nc3 Nbd7 9. d4 h6 10. Bh4 O-O-O 11. O-O-O d5 12. Ne5 Qb4 13. a3 Qa5 14. Qd3 c6
15. f4 g6 16. Nxd7 Nxd7 17. Bxd8 Kxd8 18. Be2 h5 19. Qe3 Bd6 20. Rhe1 b5 21.
Nb1 Qc7 22. g3 a5 23. Bf3 Nb6 24. Nd2 Kd7 25. Be2 b4 26. axb4 axb4 27. Nb3 Bf5
28. Nc5+ Kd8 29. Bd3 Bg4 30. Rd2 h4 31. f5 hxg3 32. Qg5+ Kc8 33. Qxg4 gxh2 34.
fxg6+ Kb8 35. Na6+ Kb7 36. Nxc7 1-0

[Event "ENCI Limburg-open B"]
[Site "Maastricht"]
[Date "2011.06.13"]
[Round "6"]
[White "De Kleuver, Jonathan"]
[Black "Cillen, Jeroen"]
[Result "1/2-1/2"]
[WhiteElo "1934"]
[BlackElo "1892"]
[PlyCount "84"]
[EventDate "2011.06.10"]
[EventType "swiss"]
[EventRounds "7"]
[EventCountry "NED"]
[Source "P.Boonen"]
[SourceDate "2012.01.01"]

1. e4 c5 2. Nf3 d6 3. d4 cxd4 4. Nxd4 Nf6 5. Nc3 g6 6. Bb5+ Bd7 7. Bxd7+ Nbxd7
8. O-O Bg7 9. Bg5 Qa5 10. Be3 Ne5 11. Nb3 Qc7 12. Nd5 Qd7 13. Nxf6+ Bxf6 14.
Bd4 O-O 15. f4 Ng4 16. h3 Bxd4+ 17. Qxd4 Nf6 18. Rad1 Qc7 19. c3 Rfd8 20. Qe3
d5 21. e5 Ne4 22. Nd4 Qc5 23. f5 Rac8 24. Kh2 Kg7 25. fxg6 hxg6 26. Qf4 Rf8 27.
Qg4 e6 28. Rxf7+ Kxf7 29. Rf1+ Ke8 30. Qxe6+ Kd8 31. Rxf8+ Qxf8 32. Qxd5+ Ke8
33. Qxe4 Qf7 34. e6 Qg7 35. Nb5 Rc6 36. Nxa7 Rb6 37. Qa4+ Kf8 38. Qf4+ Kg8 39.
e7 Qxe7 40. Nc8 Qf6 41. Qb8 Qf8 42. Qc7 Rxb2 1/2-1/2

[Event "ENCI Limburg-open B"]
[Site "Maastricht"]
[Date "2011.06.13"]
[Round "6"]
[White "De Niet, Shotaro"]
[Black "Jansen, Michiel"]
[Result "1-0"]
[WhiteElo "1792"]
[BlackElo "1849"]
[PlyCount "93"]
[EventDate "2011.06.10"]
[EventType "swiss"]
[EventRounds "7"]
[EventCountry "NED"]
[Source "P.Boonen"]
[SourceDate "2012.01.01"]

1. e4 d6 2. d4 Nf6 3. Nc3 c6 4. Be2 Nbd7 5. f4 e5 6. dxe5 dxe5 7. fxe5 Nxe5 8.
Qxd8+ Kxd8 9. Bf4 Bd6 10. O-O-O Ke7 11. Kb1 Rd8 12. Nf3 Nxf3 13. Bxd6+ Rxd6 14.
Bxf3 Be6 15. Kc1 Rxd1+ 16. Rxd1 Rd8 17. Rxd8 Kxd8 18. Kd2 Nd7 19. b3 Ne5 20.
Ke3 Ke7 21. Ne2 f6 22. Nd4 Kd6 23. c4 b6 24. Be2 Bd7 25. a3 c5 26. Nf3 g5 27.
Nxe5 Kxe5 28. g4 b5 29. cxb5 Be6 30. Bd1 c4 31. bxc4 Bxc4 32. a4 a5 33. bxa6
Bxa6 34. a5 Kd6 35. Be2 Bb7 36. Kd4 Bc6 37. a6 Kc7 38. e5 fxe5+ 39. Kxe5 Be8
40. Kf6 h5 41. h3 hxg4 42. hxg4 Bc6 43. Kxg5 Kd8 44. Kf6 Bd5 45. g5 Ke8 46. g6
Kf8 47. a7 1-0